00539nam a2200169Ia 4500008004100000100003800041245008100079245003800160260001300198260000900211300003500220440004400255650001300299650002300312650002200335650001200357190412s9999 xx 000 0 und d aWill Gornall & Ilya A. Strebulaev aFinancing as a supply chain: The capital structure of banks and borrowers /  cWill Gornall & Ilya A. Strebulaev belsevier c2018 apages 510-530, September 2018  aJournal of Financial Economicsv129 (3) aBanking  aCapital Regulation aCapital Structure aFINANCE